School staff : Number 12 in a series of reports surveying never educational practices (Record no. 1340378)

MARC details
000 -LEADER
fixed length control field 00599nam a2200181Ia 4500
005 - DATE AND TIME OF LATEST TRANSACTION
control field 20250508153041.0
008 - FIXED-LENGTH DATA ELEMENTS--GENERAL INFORMATION
fixed length control field 008 250505s9999 xx 000 0 eng d
037 ## - SOURCE OF ACQUISITION
Stock number Textual
040 ## - CATALOGING SOURCE
Original cataloging agency FEDL
Language of cataloging eng
Transcribing agency FEDL
041 ## - LANGUAGE CODE
Language code of text/sound track or separate title eng
Source of code eng
084 ## - COLON CLASSIFICATION NUMBER
Classification number 371, MET
Assigning agency FEDL
245 #0 - TITLE STATEMENT
Title School staff : Number 12 in a series of reports surveying never educational practices
245 #2 - TITLE STATEMENT
Statement of responsibility, etc. A Committee of Staff Members form the Council Schools
260 ## - PUBLICATION, DISTRIBUTION, ETC.
Place of publication, distribution, etc. New York, USA
Name of publisher, distributor, etc. Metropolitan School Study Council
Date of publication, distribution, etc. 1949
300 ## - PHYSICAL DESCRIPTION
Extent vii,66p.
942 ## - ADDED ENTRY ELEMENTS (KOHA)
Koha item type Textual
Classification part 371, MET
Holdings
Withdrawn status Lost status Damaged status Not for loan Home library Current library Date acquired Total Checkouts Full call number Barcode Date last seen Price effective from Koha item type
        Department of Education Library Department of Education Library 2025-05-08   371, MET EL0023008 2025-05-08 2025-05-08 Textual
Copyright @ Delhi University Library System